01160 a2200205 45000010006000000050017000060080041000230030015000640400040000790800033001192450076001520200022002282500012002502640039002623000019003015050488003201000024008087000023008328560099008554748320260407155741.0260407a1995 arg spa dAR-UNSa-BCEJYS aAR-UNSa-BCEJYSbspacAR-UNSa-BCEJYS a330.101.542xMicroeconomía10aTeoría Microeconómicaptercera edición ampliada y puesta al día a978-84-344-2004-5 a3a. ed. 1aBarcelona :bEdiciones Arielc1995 a534 p.c22 cm. a1. Introducción - 2. La teoría de la conducta del consumidor - 3. Temas sobre la teoría de la conducta del consumidor - 4. La teoría de la empresa - 5. Temas sobre la teoría de la empresa - 6. El equilibrio del mercado - 7. Monopolio, monopsonio y competencia monopolística - 8. Duopolio, oligopolio y monopolio bilateral - 9. El equilibrio del multimercado - 10. Temas sobre el equilibrio del multimercado - 11. La economía del bienestar - 12. Optimización temporal.1 aHenderson, James M.1 aQuandt, Richard E.41uhttps://www.biblioeco.unsa.edu.ar/pmb/images/libros/L127524.jpgyImagen de portadaqimage/jpeg